00960nam a2200169Ia 4500001001300000003001000013008004100023040002500064041000700089100002100096245007700117250001100194260006100205300001200266500045200278650006000730b6149-43066 IT-MiCISF161014s9999||||xx |||||||||||||| ||und|| aIT-MiCISFcIT-MiCISF ait aBuckingham David 0aMedia EducationbAlfabetizzazione, apprendimento e cultura contemporanea a1a ed. a Gardolo (TN)bEricksonc2006 [Edizione originale: 2003] app. 229 a / massmedia, educazione, apprendimento, scuola / Questo libro offre a insegnanti ed educatori un ampio ventaglio di spunti pedagogici, sia teorici che di applicazione didattica, sulla funzione e sulle modalità€ di un apprendimento critico e consapevole dei media. L'A. indaga i rapporti tra infanzia e media e il ruolo dell'educazione ai media, il tutto alla luce della continua evoluzione dei mezzi di comunicazione e delle tecnologie digitali. a Genitorialità€ e problemi educativi / educazionee004